000 00657cam a22002057a 4500
999 _c58180
_d58180
001 16936964
005 20221114122757.0
008 110826s2012 nyua 001 0 eng d
020 _a9781435486461x
041 _aeng
080 _a621.311.245 H-53
100 1 _aHemami, A.
_912344
245 1 0 _aWind turbine technology /
_cAhmad Hemami.
264 _aClifton Park, NY :
_bDelmar, Cengage Learning,
_c2012.
300 _a400 p. :
_bill. ;
_c24 cm.
653 _aWind Turbine Technology
653 _aქარის ტურბინის ტექნოლოგია
653 _aТехнология ветротурбины
942 _2udc
_cBK